000 01159nam a22002777a 4500
005 20180212153014.0
008 131126b xxu||||| |||| 00| 0 eng d
010 _aPUN-7766 B-578037-040 B-669992
020 _c200.00
_a9789350177396
035 _aPN-6884 B-578037-040
035 _aB-669992
037 _bDBAD / PUB
037 _bUnistar Books
037 _bBPPD/VEN/Reserchco Books
040 _adpl
_bpn
082 _a
100 _aਪ੍ਰੇਮ ਚੰਦ
245 _aਨਿਰਮਲਾ /
_cਪ੍ਰੇਮ ਚੰਦ , ਪ੍ਰੇਮ ਪ੍ਰਕਾਸ ਦ੍ਵਾਰਾ ਅਨੁਦਿਤ
246 _aNirmala
_bby Prem Chand
260 _aChandigarh
_bUnistar Books
_c2011
270 _bChandigarh
_asco-26-27, sector-34 A
_k0172-5077427- 9815471219
_e160022
300 4 _a182p.
_c22ਸੇਂਮੀ (ਸਜਿਲੱਦ)
942 _2ddc
_cPN
_h
_mਪ੍ਰੇਮਚੰ
999 _c81310
_d81310